Constitutional commentary

Bibliographic Details
Corporate Author: University of Minnesota. Law School
Format: Unknown
Language:English
Published: Minnesota : University of Minnesota, Law School
Subjects:
Online Access:Acceso restringido

MARC

LEADER 00000ny a22000003n 4500
005 20110511120356.0
008 091202s us 000 eng d
022 |a 0742-7115 
035 |a 2916 
040 |d vLex 
080 |a 342 (05) 
090 |c 1640  |d 1640 
245 0 0 |a Constitutional commentary  |h [Recurso electrn̤ico] 
256 |a Servicio en ln̕ea 
260 |a Minnesota :  |b University of Minnesota, Law School 
310 |a Cuatrimestral 
506 1 |a Contenido solo disponible en los productos indicados  |d vLex Global  |d vLex Global (Academic Edition, excluding Law Schools)  |d vLex Global (Academic Edition, Law Schools) 
650 0 4 |a Derecho constitucional  |x Publicaciones perid̤icas 
650 0 4 |a Human rights law 
650 0 4 |a Law 
710 2 |a University of Minnesota.  |b Law School 
740 0 |a vLex Revista (Servicios en ln̕ea) 
843 |a Electrn̤ica. Abierta 
853 |8 1  |i (year)  |j (month)  |k (day) 
856 4 0 |u http://vlex.com/source/2916  |z Acceso restringido 
942 |c REV 
999 4 |a Derecho constitucional